000 00497 a2200169 4500
999 _c7332
_d7332
020 _a0174900112
050 _aHD 30 DAN 1996
100 _aDaniel, Linda
_eauthor
245 _aIntermediate business /
_cLinda Daniel, Julia Joslin and Karen Mccafferty.
264 _aSouth Melbourne:
_bNelson,
_c1996.
300 _a264p. :
500 _aIncludes index
650 _aBusiness
_xStrategies
700 _aJoslin, Julia
_eauthor
700 _aMcCafferty, Karen
_eauthor
942 _2lcc
_cBK
_h30
_iDAN
_kHD